| 000 | 00396nam a2200157Ia 4500 | ||
|---|---|---|---|
| 008 | 151213s9999 xx 000 0 und d | ||
| 100 | _aA.S.Harnby | ||
| 245 |
_aOxford Advanced Learners Dictionary _cA.S.Harnby |
||
| 250 | _a7th | ||
| 260 |
_aOxford New York _bOxford University _c2005 |
||
| 300 | _a2607 p. | ||
| 650 | _aEnglish | ||
| 650 | _aEnglish | ||
| 700 | _aA.S.Harnby | ||
| 999 |
_c1734 _d1734 |
||